000 01007nam a2200241 a 4500
001 71351
003 BD-RjUL
005 20211209082114.0
008 170502s1963 bg ||||| |||| 00| 0 ben d
020 _c: TK. 3.00
035 _a(BD-RjUL)71567
040 _aBD-RjUL
_bben
_cBD-RjUL
_dBD-RjUL
041 _aben
082 _223
_a351
_bGAR 1963
100 _aGaus, John Merriman
_9211163
245 _aজনশাসনের বিভিন্ন দিক=Reflections on Public Administration /
_cJohn Merriman Gaus; মনির উদ্দীন ইউসুফ, অনুবাদ
260 _aঢাকা :
_bন্যাশনাল ইনিসটিটিউট অব পাবলিক এডমিনিষ্ট্রেশন,
_c১৯৬৩.
300 _a৯০ পৃ. ;
_c২৪ সেমি.
650 _aলোক প্রশাসন
_9211164
650 _aPublic administration
_9211165
700 _aইউসুফ, মনির উদ্দীন
_9211166
942 _2ddc
_cBK
999 _c71351
_d71351